000 00486nam a2200181Ia 4500
005 20250326125835.0
008 250326s9999 xx 000 0 und d
037 _aTextbook
040 _aFMSL
_beng
_cFMSL
041 _aeng
_2eng
084 _aB2893P N6
_qFMSL
100 _aHeady E O
_9233259
245 0 _aLinear programming methods
_cHeady E O
260 _aIowa
_bIowa, University
_c1966
300 _a597p
942 _cTB
_hB2893P N6
999 _c1279820
_d1279820